| 000 | 00464pab a2200169 454500 | ||
|---|---|---|---|
| 008 | 180718b2000 xxu||||| |||| 00| 0 eng d | ||
| 100 | _aDhananjayan, R.s. | ||
| 245 | _aSouth East Asian economic crisis: cause and policy debates | ||
| 260 | _c2000 | ||
| 300 | _ap.226-35 | ||
| 362 | _aAug | ||
| 650 | _aEconomic recession - South East Asia | ||
| 650 | _aEconomic recession | ||
| 700 | _aDevi, N. Sasikala | ||
| 773 | _aAsian Economic Review | ||
| 909 | _a46225 | ||
| 999 |
_c46225 _d46225 |
||